Censos nacionales de 1973. Vivienda

保存先:
書誌詳細
団体著者: Costa Rica. Ministerio de Economía, Industria y Comercio. Dirección General de Estadística y Censos
フォーマット: テキスト
出版事項: San José: MEIC. DGEC. Sección de Publicaciones
タグ: タグ追加
タグなし, このレコードへの初めてのタグを付けませんか!

MARC

LEADER 00000 a a2200000 04500
001 17521
003
040
090 |a 1001 CR8375c 1973 T.4  
110 |a Costa Rica. Ministerio de Economía, Industria y Comercio. Dirección General de Estadística y Censos  
245 |a Censos nacionales de 1973. Vivienda  
260 |a San José:   |b MEIC. DGEC. Sección de Publicaciones  
300 |a 447 p  
999 |c 2316  |d 2316